|
|
|
|
| LEADER |
01285nam a2200337Ia 4500 |
| 001 |
EBC231857 |
| 003 |
MiAaPQ |
| 005 |
20200520144314.0 |
| 006 |
m o d | |
| 007 |
cr cn||||||||| |
| 008 |
000815s2004 enk s 000 0 eng d |
| 020 |
|
|
|z 1845440625
|
| 035 |
|
|
|a (MiAaPQ)EBC231857
|
| 035 |
|
|
|a (Au-PeEL)EBL231857
|
| 035 |
|
|
|a (CaPaEBR)ebr10074099
|
| 035 |
|
|
|a (CaONFJC)MIL51484
|
| 035 |
|
|
|a (OCoLC)61448267
|
| 040 |
|
|
|a MiAaPQ
|c MiAaPQ
|d MiAaPQ
|
| 050 |
|
4 |
|a HD31
|b .J68 2004
|
| 245 |
0 |
0 |
|a Journal of management history symposium
|h [electronic resource] :
|b the influence of great works on management history /
|c Guest editor Jonathan Halsbesleben.
|
| 260 |
|
|
|a Bradford, England :
|b Emerald Group Publishing,
|c c2004.
|
| 300 |
|
|
|a 151 p.
|
| 490 |
1 |
|
|a Management decision ;
|v v. 42, no. 10
|
| 533 |
|
|
|a Electronic reproduction. Ann Arbor, MI : ProQuest, 2015. Available via World Wide Web. Access may be limited to ProQuest affiliated libraries.
|
| 650 |
|
0 |
|a Management science.
|
| 650 |
|
0 |
|a Management.
|
| 655 |
|
4 |
|a Electronic books.
|
| 700 |
1 |
|
|a Halsbesleben, Jonathan.
|
| 710 |
2 |
|
|a ProQuest (Firm)
|
| 830 |
|
0 |
|a Management decision ;
|v v. 42, no. 10.
|
| 856 |
4 |
0 |
|u https://ebookcentral.proquest.com/lib/matrademy/detail.action?docID=231857
|z Click to View
|